| 000 | 00410nam a2200181Ia 4500 | ||
|---|---|---|---|
| 008 | 210210b1959 xxu||||| |||| 00| 0 eng d | ||
| 041 | _aeng | ||
| 082 | _a828/176 | ||
| 100 | _aDALMIA (S R) | ||
| 245 | _aSome notes and reiniscences | ||
| 260 |
_aDelhi _bNot Mentioned _c1959 |
||
| 650 | _aSome | ||
| 650 | _areiniscences | ||
| 650 | _anotes | ||
| 650 | _aand | ||
| 690 | _aBiography | ||
| 906 | _a016022 | ||
| 999 |
_c135412 _d135412 |
||